Normal view MARC view
  • HEAT TRANSMISSION FUSION, LATENT HEAT OF EVAPORATION, LATENT HEAT OF

Entry Topical Term

Number of records used in: 1

001 - CONTROL NUMBER

  • control field: 80826

003 - CONTROL NUMBER IDENTIFIER

  • control field: NUST

005 - DATE AND TIME OF LATEST TRANSACTION

  • control field: 20210628210739.0

008 - FIXED-LENGTH DATA ELEMENTS

  • fixed length control field: 210628|| aca||aabn | a|a d

040 ## - CATALOGING SOURCE

  • Original cataloging agency: NUST
  • Transcribing agency: NUST

150 ## - HEADING--TOPICAL TERM

  • Topical term or geographic name entry element: HEAT TRANSMISSION FUSION, LATENT HEAT OF EVAPORATION, LATENT HEAT OF

670 ## - SOURCE DATA FOUND

  • Source citation: Work cat.: (NUST): Lock, G.S.H 80825, Latent heat transfer an introduction to fundamentals, 1996
© 2023 Central Library, National University of Sciences and Technology. All Rights Reserved.